| 000 | 01185cam a22003374a 4500 | ||
|---|---|---|---|
| 999 |
_c1647 _d1647 |
||
| 001 | 14364306 | ||
| 003 | OSt | ||
| 005 | 20210629090938.0 | ||
| 008 | 060504s2007 maua b 001 0 eng | ||
| 010 | _a 2006044801 | ||
| 020 | _a0205486363 | ||
| 020 | _a9780205486366 | ||
| 035 | _a(OCoLC)ocm69104338 | ||
| 040 |
_aDLC _cDLC _dYDXCP _dBAKER _dOCLCQ _dBTCTA _dDLC |
||
| 042 | _apcc | ||
| 043 | _an-us--- | ||
| 050 | 0 | 0 |
_aLB2806 _b.O9 2007 |
| 082 | 0 | 0 |
_a371.200973 _222 |
| 100 | 1 | _aOwens, Robert G. | |
| 245 | 1 | 0 |
_aOrganizational behavior in education : _badaptive leadership and school reform / _cRobert G. Owens, Thomas C. Valesky. |
| 250 | _a9th ed. | ||
| 260 |
_aBoston, MA : _bPearson/Allyn and Bacon, _cc2007. |
||
| 300 |
_axxviii, 452 p. : _bill. ; _c24 cm. |
||
| 504 | _aIncludes bibliographical references (p. 425-439) and indexes. | ||
| 650 | 0 |
_aSchool management and organization _zUnited States. |
|
| 650 | 0 | _aOrganizational behavior. | |
| 700 | 1 | _aValesky, Thomas C. | |
| 906 |
_a7 _bcbc _corignew _d1 _eocip _f20 _gy-gencatlg |
||
| 942 |
_2lcc _cBK _nMM |
||